Management information systems : (Record no. 3358)

000 -LEADER
fixed length control field nam a22 a 4500
005 - DATE AND TIME OF LATEST TRANSACTION
control field 20170522121807.0
008 - FIXED-LENGTH DATA ELEMENTS--GENERAL INFORMATION
fixed length control field 170522b1985 enk||||| |||| 00| 0 eng d
020 ## - INTERNATIONAL STANDARD BOOK NUMBER
International Standard Book Number 0070158282 :
Terms of availability £30.50
040 ## - CATALOGING SOURCE
Original cataloging agency AKMAL
082 04 - DEWEY DECIMAL CLASSIFICATION NUMBER
Classification number 658.4038 DAV
090 ## - LOCALLY ASSIGNED LC-TYPE CALL NUMBER (OCLC); LOCAL CALL NUMBER (RLIN)
Classification number (OCLC) (R) ; Classification number, CALL (RLIN) (NR) 658.4038
Local cutter number (OCLC) ; Book number/undivided call number, CALL (RLIN) DAV
100 1# - MAIN ENTRY--PERSONAL NAME
Personal name Davis, Gordon B. |q (Gordon Bitter)
9 (RLIN) 6801
245 10 - TITLE STATEMENT
Title Management information systems :
Remainder of title conceptual foundations, structure, and development.
250 ## - EDITION STATEMENT
Edition statement 2nd ed.
Remainder of edition statement Gordon B. Davis, Margrethe H. Olson.
260 ## - PUBLICATION, DISTRIBUTION, ETC.
Place of publication, distribution, etc. New York ;
260 ## - PUBLICATION, DISTRIBUTION, ETC.
Place of publication, distribution, etc. London :
Name of publisher, distributor, etc. McGraw-Hill,
Date of publication, distribution, etc. c1984.
300 ## - PHYSICAL DESCRIPTION
Extent ix,693p. :
Other physical details ill., facsims. ;
Dimensions 24cm
490 0# - SERIES STATEMENT
Series statement McGraw-Hill series in management information systems
500 ## - GENERAL NOTE
General note Previous ed.: 1974.
504 ## - BIBLIOGRAPHY, ETC. NOTE
Bibliography, etc. note Includes bibliographies and index.
650 #0 - SUBJECT ADDED ENTRY--TOPICAL TERM
Topical term or geographic name entry element Management information systems.
9 (RLIN) 729
700 1# - ADDED ENTRY--PERSONAL NAME
Personal name Olson, Margrethe H.
9 (RLIN) 6802
852 41 - LOCATION
Location British Library
Sublocation or collection DSC
942 ## - ADDED ENTRY ELEMENTS (KOHA)
Source of classification or shelving scheme
Koha item type Book
Holdings
Withdrawn status Lost status Source of classification or shelving scheme Damaged status Not for loan Collection code Home library Current library Shelving location Date acquired Inventory number Total Checkouts Full call number Barcode Date last seen Price effective from Koha item type
          NON-FICTION AKMAL Melaka AKMAL Melaka PINJAMAN 22.05.2017 001852   658.4038 DAV 201704310 22.05.2017 22.05.2017 Book
Pusat Sumber Maklumat Dato' Haji Sarmin Md Hussin, Akademi Kastam Diraja Malaysia, Melaka
Tel: 06-2331106 | Faks: 06-2313787